000
00208nam a2200085Ia 4500
008
170617s9999 xx 000 0 und d
100
_a
Anthikad-J
245
0
_a
Biochemistry for Nurses
260
_b
"LOTUS PUBLISHERS
260
_c
JALANDHAR"
999
_c
12754
_d
12754